Responses for Show #1974 - Thursday, March 18, 1993

Debby Arnold game 4.

Contestants

[<< previous game]

Michael Price, a writer originally from South Plainfield, New Jersey

Sunita Parikh, a college professor from New York City, New York

Debby Arnold, a registered nurse from Atlanta, Georgia (whose 3-day cash winnings total $34,902)

[next game >>]

Jeopardy! Round responses

MAGICIANS
RABBITS
HATS
ESCAPES
(Alex: Get the connection?)
CARDS
DISAPPEARANCES
    $100 3
David Copperfield

Michael
    $100 21
Easter

Michael
    $100 1
beanies

Sunita
    $100 22
(Debby: What is Devil's Island?)

Elba

DebbyMichael
    $100 15
China

Sunita
    $100 10
Jimmy Hoffa

Michael
    $200 4
Siegfried & Roy

Sunita
    $200 27
(Sunita: What are hutches?)

nests (warrens)

DebbySunita
    $200 2
a bonnet

Michael
    $200 23
the Berlin Wall

Sunita
    $200 16
suits

Debby
    $200 11
Mexico

Michael
    $300 5
(Harry) Houdini

Michael
    $300 28
greyhound racing

Michael
    $300 7
a turban

Debby
    $300 24
(Frederick) Douglass

Debby
    $300 17
the Joker

Sunita
    $300 12
Roanoke (Island)

Michael
    $400 6
Doug Henning

Debby
    $400 29
foxes

Debby
    $400 8
a sombrero

Sunita
    $400 25
Mary, (Queen of Scots)

Sunita
    $400 18
World War I

Michael
    $400 13
Rudolf Diesel

Triple Stumper
    $500 19
(Sunita: Who is Kreskin?)
(Michael: Who is The Amazing [*]?)

(James) Randi

SunitaMichael
    $700 30
(Debby: What is a hare?)

bucks

Debby
    $500 9
tam o'shanter

Debby
    $500 26
Papillon

Michael
    $500 20
trump

Debby
    $500 14
(Antoine de) Saint-Exupéry

Sunita

Scores at the first commercial break (after clue 14):

Debby Sunita Michael
$1,200 $1,200 $1,200

Scores at the end of the Jeopardy! Round:

Debby Sunita Michael
$2,000 $1,500 $3,100

Double Jeopardy! Round responses

AROUND THE WORLD
HISTORIC NICKNAMES
BOATS & BOATING
MUSICAL THEATRE
SCIENCE
(Alex: On yesterday's program we had BOOKS & ARTHURS. Today, we have...)
BOOKS & AUTHORS
    $200 1
Leaning Tower of Pisa

Michael
    $200 18
(Michael: Who is Mubarak?)

(Anwar) Sadat

SunitaMichael
    $200 21
a kayak

Michael
    $200 2
Uncle Tom's Cabin

Michael
    $200 5
(Debby: What is carbon dioxide?)
...
(Alex: The plants take in the carbon dioxide and release [*].)

oxygen

Debby
Triple Stumper
    $200 8
the Grimms

Debby
    $400 15
Amsterdam

Debby
    $400 19
(Michael: What is Congress?)
(Alex: Be more specific.)
(Michael: House of Representatives?)

the Senate

DebbyMichael
    $400 23
America's Cup

Michael
    $400 3
The Thin Man

Sunita
    $400 6
(Michael: What is iron?)

copper

Michael
Triple Stumper
    $400 9
(Debby: What is Atlas Shrugged?)

The Fountainhead

DebbySunita
    $600 16
(Michael: What is Vienna?)
(Sunita: What is Leipzig?)
...
(Alex: We were going for the country. Sorry about that. It helped Debbie.)

Austria

DebbySunitaMichael
    $600 20
Gene McCarthy

Debby
    $600 25
fiberglass

Sunita
    $600 4
Carousel

Debby
    $600 7
a lightning rod

Debby
    $600 10
Clarence Darrow

Sunita
    $900 17
Venezuela

Debby
    $800 22
(Charles George) Gordon

Debby
    $800 28
a dinghy

Triple Stumper
    $800 13
The Will Rogers Follies

Michael
    $800 12
malleability

Michael
    $800 11
Looking for Mr. Goodbar

Debby
    $1000 26
Equatorial Guinea

Sunita
    $1000 27
(Michael: What is menace?)

Death

Michael
Triple Stumper
    $1000 29
(Sunita: What is a taipan?)
(Debby: What is a junk?)

a sampan

DebbySunitaMichael
    $1000 14
(Debby: What is Hello, Dolly?)

Gentlemen Prefer Blondes

DebbySunita
    $1,500 30
(Michael: Who is Newton?)

Robert Boyle

Michael
    $1000 24
Even Cowgirls Get the Blues

Debby

Scores at the end of the Double Jeopardy! Round:

Debby Sunita Michael
$6,300 $4,100 $2,600

[wagering suggestions for these scores]

Final Jeopardy! Round responses

FAMOUS WOMEN
(Alex: Curiosity got the better of her, yes. She opened the box.)
MichaelWho is Pandora?
$2,600
SunitaWho is Hera
$2,500
DebbyWho was Pandora?
$1,901
Pandora

Final scores:

Debby Sunita Michael
$8,201 $1,600 $5,200
4-day champion: $43,103 3rd place: S&S Mills carpeting 2nd place: Mastervoice home automation system + Technics entertainment system

Game dynamics:

Coryat scores:

Debby Sunita Michael
$6,900 $4,100 $4,100
19 R
(including 1 DD),
6 W
(including 1 DD)
15 R,
4 W
19 R,
6 W
(including 1 DD)

Combined Coryat: $15,100

[game clues] [game scores] [suggest correction]

Game tape date: 1992-11-18
The J! Archive is created by fans, for fans. Scraping, republication, monetization, and malicious use prohibited; this site may use cookies and collect identifying information. See terms. The Jeopardy! game show and all elements thereof, including but not limited to copyright and trademark thereto, are the property of Jeopardy Productions, Inc. and are protected under law. This website is not affiliated with, sponsored by, or operated by Jeopardy Productions, Inc. Join the discussion at JBoard.tv.